|
|
|
|
| LEADER |
00000naa2a2200000 4500 |
| 001 |
606743 |
| 005 |
20260304164847.0 |
| 035 |
|
|
|a (RuTPU)RU\TPU\conf\4122
|
| 035 |
|
|
|a RU\TPU\conf\4121
|
| 090 |
|
|
|a 606743
|
| 100 |
|
|
|a 20140616d2014 k y0rusy50 ca
|
| 101 |
0 |
|
|a rus
|
| 102 |
|
|
|a RU
|
| 135 |
|
|
|a drcn ---uucaa
|
| 181 |
|
0 |
|a i
|
| 182 |
|
0 |
|a b
|
| 200 |
1 |
|
|a Экспериментальное исследование влияния тепловой нагрузки в камере испарителя на работу холодильной установки
|d Abstract title: experimental study of load in camera evaporator system conditions
|f А. С. Красношлыков
|g науч. рук. В. И. Максимов
|
| 203 |
|
|
|a Текст
|c электронный
|
| 215 |
|
|
|a 1 файл(424 Кб)
|
| 225 |
1 |
|
|a Физика
|
| 300 |
|
|
|a Заглавие с экрана
|
| 320 |
|
|
|a [Библиогр.: с. 110 (3 назв.)]
|
| 330 |
|
|
|a Experimental research of the temperature in the refrigerator with a thermal load under natural convection. It was getting that small thermal load does not affect the operation of the refrigeration unit.
|
| 337 |
|
|
|a Adobe Reader
|
| 463 |
|
1 |
|0 (RuTPU)RU\TPU\conf\3586
|t Перспективы развития фундаментальных наук
|l Prospects of fundamental sciences development
|o сборник научных трудов XI Международной конференция студентов и молодых ученых, г. Томск, 22-25 апреля 2014 г.
|f Национальный исследовательский Томский политехнический университет (ТПУ) ; под ред. Е. А. Вайтулевич
|v [С. 108-110]
|d 2014
|
| 510 |
1 |
|
|a Abstract title: experimental study of load in camera evaporator system conditions
|z eng
|
| 610 |
1 |
|
|a электронный ресурс
|
| 610 |
1 |
|
|a труды учёных ТПУ
|
| 610 |
1 |
|
|a экспериментальные исследования
|
| 610 |
1 |
|
|a тепловые нагрузки
|
| 610 |
1 |
|
|a камеры
|
| 610 |
1 |
|
|a испарители
|
| 610 |
1 |
|
|a холодильные установки
|
| 700 |
|
1 |
|a Красношлыков
|b А. С.
|
| 702 |
|
1 |
|a Максимов
|b В. И.
|c специалист в области теплотехники
|c доцент Томского политехнического университета, кандидат технических наук
|f 1977-
|g Вячеслав Иванович
|4 727
|
| 712 |
0 |
2 |
|a Национальный исследовательский Томский политехнический университет (ТПУ)
|b Энергетический институт (ЭНИН)
|b Кафедра теоретической и промышленной теплотехники (ТПТ)
|3 (RuTPU)RU\TPU\col\18679
|
| 801 |
|
1 |
|a RU
|b 63413507
|c 20101016
|
| 801 |
|
2 |
|a RU
|b 63413507
|c 20140616
|g RCR
|
| 856 |
4 |
|
|u http://www.lib.tpu.ru/fulltext/c/2014/C21/028.pdf
|
| 942 |
|
|
|c CF
|